God and word. (Record no. 17436)
[ view plain ]
| 000 -LEADER | |
|---|---|
| fixed length control field | 00716cam a22002172 4500 |
| 001 - CONTROL NUMBER | |
| control field | 9885212 |
| 005 - DATE AND TIME OF LATEST TRANSACTION | |
| control field | 20070327145944.0 |
| 008 - FIXED-LENGTH DATA ELEMENTS--GENERAL INFORMATION | |
| fixed length control field | 820910s1967 pau 000 0 eng |
| 010 ## - LIBRARY OF CONGRESS CONTROL NUMBER | |
| LC control number | 67014623 |
| 040 ## - CATALOGING SOURCE | |
| Original cataloging agency | DLC |
| Transcribing agency | CarP |
| Modifying agency | DLC |
| 050 00 - LIBRARY OF CONGRESS CALL NUMBER | |
| Classification number | BT80 |
| Item number | .E34 1967 |
| 100 1# - MAIN ENTRY--PERSONAL NAME | |
| Personal name | Ebeling, Gerhard, |
| Dates associated with a name | 1912- |
| 240 00 - UNIFORM TITLE | |
| Uniform title | <a href="Gott und Wort. English.">Gott und Wort. English.</a> |
| 245 10 - TITLE STATEMENT | |
| Title | God and word. |
| Statement of responsibility, etc | Gerhard Ebeling |
| 260 ## - PUBLICATION, DISTRIBUTION, ETC. (IMPRINT) | |
| Place of publication, distribution, etc | Philadelphia, |
| Name of publisher, distributor, etc | Fortress Press |
| Date of publication, distribution, etc | [1967] |
| 300 ## - PHYSICAL DESCRIPTION | |
| Extent | vii, 53 p. |
| Dimensions | 20 cm. |
| 650 #0 - SUBJECT ADDED ENTRY--TOPICAL TERM | |
| Topical term or geographic name as entry element | Theology. |
| 906 ## - LOCAL DATA ELEMENT F, LDF (RLIN) | |
| a | 7 |
| b | cbc |
| c | premver |
| d | u |
| e | ncip |
| f | 19 |
| g | y-gencatlg |
| 942 ## - ADDED ENTRY ELEMENTS (KOHA) | |
| Source of classification or shelving scheme | Library of Congress Classification |
| Item type | Book |
| Withdrawn status | Lost status | Source of classification or shelving scheme | Damaged status | Not for loan | Collection code | Home library | Current library | Shelving location | Date acquired | Total Checkouts | Full call number | Barcode | Price effective from | Koha item type |
|---|---|---|---|---|---|---|---|---|---|---|---|---|---|---|
| Library of Congress Classification | Non-fiction | Bishop Okullu Memorial Library (Limuru Campus) | Bishop Okullu Memorial Library (Limuru Campus) | General Circulation | 15/12/2008 | BT80 .E34 1967 | 004755 | 15/12/2008 | Book |